000 00329nam a2200121Ia 4500
008 220204s9999 xx 000 0 und d
082 _a741.02
_bGIL
100 _aGill, Robert W
245 0 _aThames and Hudson manual of rendering with pen and ink
260 _aLondon
_bThames and Hudson
_c1973
650 _aDrawing
942 _cBK
999 _c25767
_d25767